Italian vocabulary - Easy - Statistics

General Stats
  • This quiz has been taken 304 times
  • The average score is 13 of 20
Answer Stats
Hint Answer % Correct
Scuola School
93%
Fratello Brother
88%
Donna Woman
88%
Città City
85%
Vita Life
82%
Uomo Man
82%
Sorella Sister
82%
Sabato Saturday
79%
Nonna Grandma
75%
Domani Tomorrow
75%
Settimana Week
73%
Bagno Bathroom / Toilet
72%
La cena Dinner
67%
Colazione Breakfast
56%
Migliore Best / Better
54%
Maestra Teacher
51%
Riunione Meeting
40%
Albero Tree
40%
Moltissimo Very much
26%
Autista Driver
21%
No matching quizzes found
Score Distribution
Percent of People with Each Score
Percentile by Number Answered
Your Score History
You have not taken this quiz